| 000 | 00780nam a2200157 a 4500 | ||
|---|---|---|---|
| 040 | _cDLC | ||
| 082 | 0 | 0 | _a662 FOO 1985 C160 Or. |
| 245 | 0 | 0 |
_aAlternative sources of energy for agriculture : _bproceedings of the international symposium : September 4-7, 1984, Taiwan Sugar Research Institute, Tainan, Taiwan, R.O.C. |
| 260 |
_aTaiwan, Republic of China : _bFood and Fertilizer Technology Center for the Asian and Pacific Region, _c[1985] |
||
| 300 |
_avi, 453 p. : _bill. ; _c27 cm. |
||
| 500 | _aPapers ... presented at an International Symposium on Alternative Sources of Energy for Agriculture, held in Taiwan R.O.C. in September 1984"--Pref. | ||
| 650 | 0 | _aRenewable energy sources | |
| 650 | 0 | _aAgriculture and energy | |
| 710 | 2 | _aAsian and Pacific Council. | |
| 942 | _cAEDBB | ||
| 999 |
_c19060 _d19060 |
||